000
00197 a2200085 4500
020
_a
9781465461742
100
_a
DK
245
_a
Artist's Drawing Techniques
260
_b
DK; Illustrated edition
_c
2017
999
_c
13258
_d
13258